000 01090nam a2200289 a 4500
001 57877
003 BD-RjUL
005 20211209080548.0
008 161212s1994 enkab b 001 0 eng
020 _a0521435153 (hardback)
035 _a(BD-RjUL)58001
040 _aDLC
_cDLC
_dBD-RjUL
_beng
041 _aeng
082 0 0 _a305.231
_223
_bWHC 1994
100 1 _aWhiting, John Wesley Mayhew,
_d1908-
_9171914
245 1 0 _aCulture and human development :
_bthe selected papers of John Whiting /
_cedited by Eleanor Hollenberg Chasdi.
260 _aEngland :
_bCambridge University Press,
_cc1994.
300 _axiv, 358 p. :
_bill. ;
_c24 cm.
490 1 _aPublication of the Society of Psychological Anthropology ;
_v6
504 _aIncludes bibliographical references (p. 324-345) and index.
650 0 _aChild rearing
_xCross-cultural studies.
_9171915
650 0 _aEthnophychology
_9174181
700 1 _aChasdi, Eleanor Hollenberg.
_9171916
830 0 _aPublications of the Society for Psychological Anthropology ;
_v6.
_9174183
942 _2ddc
_cBK
999 _c57877
_d57877